Riconosci i capoluoghi di provincia dalla foto - Statistics

Statistiche generali
  • Questo quiz è stato fatto 126 volte
  • Il punteggio medio è 33 su 111
Statistiche sulle risposte
con Immagini Risposta % Corretto
Venezia
90%
Pisa
89%
Milano
88%
Torino
88%
Firenze
84%
Roma
84%
Caserta
79%
Agrigento
78%
Bologna
77%
Siena
73%
Matera
68%
Napoli
63%
Palermo
62%
Bolzano
59%
Padova
58%
Perugia
53%
Verona
51%
Parma
49%
Pavia
49%
Aosta
47%
Bari
47%
Ferrara
47%
Ravenna
47%
Treviso
47%
Lucca
45%
Mantova
42%
Novara
41%
Salerno
40%
Cremona
38%
Piacenza
38%
Udine
37%
Como
36%
Ancona
34%
Imperia
34%
Savona
34%
Trieste
34%
Bergamo
32%
Reggio Calabria
32%
Lecco
30%
Viterbo
30%
Cuneo
29%
Genova
29%
La Spezia
29%
Livorno
29%
Lodi
29%
Monza
29%
Prato
29%
Siracusa
29%
Urbino
29%
Pistoia
27%
Vicenza
27%
Brescia
26%
Modena
26%
Ragusa
26%
Arezzo
25%
Lecce
23%
Pordenone
23%
Biella
22%
Cagliari
22%
Catania
22%
Taranto
22%
Catanzaro
21%
Chieti
21%
Vercelli
21%
Belluno
19%
Campobasso
19%
Nuoro
19%
Rimini
18%
Trani
18%
Trapani
18%
Trento
18%
Alessandria
16%
Varese
16%
Crotone
15%
Grosseto
15%
Barletta
14%
Enna
14%
Forlì
14%
Latina
14%
Pescara
14%
Potenza
14%
Asti
12%
Massa
12%
Reggio Emilia
12%
Rovigo
12%
Brindisi
11%
Carbonia
11%
Macerata
11%
Teramo
11%
Ascoli Piceno
10%
Oristano
10%
Andria
8%
Carrara
8%
Gorizia
8%
Messina
8%
Sondrio
8%
Verbania
8%
Avellino
7%
Cosenza
7%
Fermo
7%
Isernia
7%
L'Aquila
7%
Caltanissetta
5%
Foggia
5%
Pesaro
5%
Terni
5%
Vibo Valentia
5%
Cesena
4%
Frosinone
4%
Rieti
4%
Sassari
3%
Nessun quiz corrispondente trovato
Distribuzione punteggi
Percentuale di utenti per punteggio
Percentile per numero di risposta
I tuoi punteggi nel tempo
Non hai fatto questo quiz